000
00313 a2200157 4500
001
179017
020
_a
040
_c
Magnum
100
_a
Braga, Jussara
240
1
0
_a
Sim nao
_l
por
245
1
0
_a
Sim nao
362
0
_a
1899
440
1
_a
Do Brasil
697
_a
MAGNITO: I/AVENTURA, CRIANCAS
942
_c
BK
999
_c
179017
_d
179017